Fundamentals of home video production (Record no. 30326)

MARC details
000 -LEADER
fixed length control field 00498nam a2200181Ia 4500
020 ## - INTERNATIONAL STANDARD BOOK NUMBER
ISBN 9780980162608
050 ## - CALL MARK
Classification number PN 1992.95 .F86/
100 ## - STATEMENT OF RESPONSIBILITY--MAIN AUTHOR NAME
Personal name Edited by Olufemi Onabajo & Ritchard M’Bayo
245 #0 - TITLE STATEMENT
Title Fundamentals of home video production
260 ## - PUBLICATION, DISTRIBUTION, ETC. (IMPRINT)
Place of publication Maryland
260 ## - PUBLICATION, DISTRIBUTION, ETC. (IMPRINT)
Name of publisher African Renaissance Books Incorporated
260 ## - PUBLICATION, DISTRIBUTION, ETC. (IMPRINT)
Year of publication 2008
300 ## - PHYSICAL DESCRIPTION
Number of Pages 174 p
650 ## - SUBJECT ADDED ENTRY--TOPICAL TERM
Topical Term Home video production.
942 ## - ADDED ENTRY ELEMENTS (KOHA)
Koha item type Books
Holdings
Withdrawn status Lost status Source of classification or shelving scheme Damaged status Not for loan Permanent Location Current Location Shelving location Date acquired Accession Number Price effective from Koha item type
    Library of Congress Classification     NILE UNIVERSITY OF NIGERIA - MAIN LIBRARY NILE UNIVERSITY OF NIGERIA - MAIN LIBRARY Items on shelf 04/23/2025 0192362 04/23/2025 Books